Top 10 bekannteste Fußballstadien - Statistiken

Allgemein
  • Dieses Quiz wurde 3.443 mal gespielt
  • Das Durchschnittsergebnis liegt bei 10 aus 10
Antwortstatistiken
Top Stadion Land Max. Besucher Vereinsname % Korrekt
1 Camp Nou Spanien 99.354 FC Barcelona
100%
7 Signal Iduna Park Deutschland 81.360 Borussia Dortmund
99%
5 Allianz Arena Deutschland 75.000 FC Bayern München
99%
10 Parc des Princes Frankreich 48.712 Paris Saint-Germain FC
99%
2 Estadio Santiago Bernabéu Spanien 81.044 Real Madrid
99%
3 Old Trafford England 76.212 Manchester United
97%
8 Etihad Stadion England 55.097 Manchester City
94%
4 Emirates Stadium England 60.361 FC Arsenal
93%
6 Guiseppe-Meazza-Stadion Italien 80.074 AC Mailand & Inter Mailand
91%
9 Estadio Vicente Calderón Spanien 55.005 Atlético Madrid
83%
Keine übereinstimmenden Quizze gefunden
Verteilung der Resultate
Anzahl Personen mit jedem Resultat
Perzentil nach korrekt beantworteten Fragen
Ihre Resultats-Entwicklung
Sie haben dieses Quiz noch nicht gespielt